000 00409cam a2200181 4500
001 D2478
008 090401t1968 xxu||||| |||| 00| 0 eng d
035 _a(Sirsi) u69242
041 _aeng
050 _a711
100 _aClemens, K.
245 _aPlanning policies and organisation
260 _aLondon
_bFIG / RICS
_c1968
300 _a28p. 30cm
350 _a0.25
942 _n0
948 _c04/03/1997
999 _c95172
_d95172